| 000 | 00613nam a2200205Ia 4500 | ||
|---|---|---|---|
| 008 | 220216s9999 xx 000 0 und d | ||
| 100 | _aBokma Evert | ||
| 245 | 0 | _aDetermination of cDNA and genomic DNA sequences of hevamine, a chitinase from the rubber tree Hevea brasiliensis | |
| 260 |
_bPlant Physiology and Biochemistry _c2001 |
||
| 300 | _a367-376 | ||
| 650 | _aDNA sequence | ||
| 650 | _aHevamine | ||
| 700 | _aBeintema Jaap J | ||
| 700 | _aChow Keng-See | ||
| 700 | _aMulder Patty P M F A | ||
| 700 | _aSpiering Marjolein | ||
| 700 | _aSubroto Toto | ||
| 856 | _uCopy of article | ||
| 942 | _cJS | ||
| 999 |
_c56880 _d56880 |
||